000
00313nam a22001457a 4500
008
221102b ||||| |||| 00| 0 eng d
020
_a
0818503424
041
_a
eng
080
_a
316
082
_a
316 EVA
100
_a
24.1
101
_a
SOCI
245
_a
ESSENTIAL INTERVIEWING
_c
EVANS D
942
_2
udc
_c
BK
999
_c
58717
_d
58717